[Event "Titled Tuesday intern op 16th Apr Early"]
[Site "Chess.com INT"]
[Date "2024.04.16"]
[Round "8"]
[White "Manukian, Artak"]
[Black "Kislinsky, Alexey"]
[Result "0-1"]
[WhiteElo "2196"]
[BlackElo "2355"]
[PlyCount "38"]
[EventDate "2024.04.16"]
[EventType "swiss (blitz)"]
[EventRounds "11"]
[EventCountry "USA"]
[SourceTitle "CB17_2024"]
[SourceDate "2024.04.24"]
[SourceVersion "1"]
[SourceVersionDate "2024.04.24"]
[SourceQuality "1"]

1. e4 e6 2. d4 d5 3. e5 c5 4. c3 Nc6 5. Nf3 Nge7 6. Bd3 cxd4 7. cxd4 Nf5 8. Bxf5 exf5 9. 0-0 Be7 10. Nc3 Be6 11. g3 g5 12. a3 h6 13. b4 Qd7 14. Na4 b6 15. Bb2 f4 16. Kh1 Bg4 17. Qd3 Bf5 18. Qe2 Be4 19. Nc3 Nxd4 0-1

[Event "Titled Tuesday intern op 02nd Apr Early"]
[Site "Chess.com INT"]
[Date "2024.04.02"]
[Round "1"]
[White "Kislinsky, Alexey"]
[Black "Reprintsev, Alexander"]
[Result "0-1"]
[WhiteElo "2355"]
[BlackElo "2241"]
[PlyCount "120"]
[EventDate "2024.04.02"]
[EventType "swiss (blitz)"]
[EventRounds "11"]
[EventCountry "USA"]
[SourceTitle "CB15_2024"]
[SourceDate "2024.04.10"]
[SourceVersion "1"]
[SourceVersionDate "2024.04.10"]
[SourceQuality "1"]

1. e4 d5 2. exd5 Qxd5 3. Nc3 Qd6 4. d4 c6 5. Nf3 Bf5 6. Bd3 Bxd3 7. Qxd3 Nf6 8. 0-0 e6 9. Ne4 Nxe4 10. Qxe4 Nd7 11. c4 Nf6 12. Qc2 Be7 13. Bg5 0-0 14. Rad1 h6 15. Be3 b5 16. b3 bxc4 17. bxc4 Rab8 18. h3 Rfd8 19. g3 Qa3 20. Rb1 Bd6 21. Kg2 c5 22. dxc5 Bxc5 23. Bf4 Rxb1 24. Rxb1 Rc8 25. Ne5 Qa6 26. a4 Bd6 27. Rb5 Bxe5 28. Bxe5 Qc6+ 29. Kh2 Ne4 30. Rb8 Ng5 31. Rxc8+ Qxc8 32. Qe2 Qc6 33. g4 Qf3 34. Qf1 Qe4 35. Bg3 Nf3+ 36. Kh1 Nd2+ 37. Qg2 Qxg2+ 38. Kxg2 Nxc4 39. Bb8 a6 40. Kf3 Kf8 41. Ke4 Ke7 42. Kd4 Nb2 43. a5 Kd7 44. Kc5 Nd3+ 45. Kb6 Nxf2 46. Kxa6 Kc6 47. Be5 f6 48. Bg3 Nxh3 49. Ka7 e5 50. a6 Kc7 51. Ka8 g5 52. a7 Kc8 53. Bxe5 h5 54. Bxf6 hxg4 55. Bxg5 g3 56. Be3 g2 57. Bd4 Nf4 58. Bc5 Ne6 59. Bb6 g1Q 60. Bxg1 Nc7# 0-1

[Event "Titled Tuesday intern op 12th Mar Early"]
[Site "Chess.com INT"]
[Date "2024.03.12"]
[Round "1"]
[White "Kislinsky, Alexey"]
[Black "Leve, Nitai D"]
[Result "1-0"]
[WhiteElo "2361"]
[BlackElo "2128"]
[PlyCount "129"]
[EventDate "2024.03.12"]
[EventType "swiss (blitz)"]
[EventRounds "11"]
[EventCountry "USA"]
[SourceTitle "CB12_2024"]
[SourceDate "2023.10.01"]
[SourceVersion "1"]
[SourceVersionDate "2023.10.01"]
[SourceQuality "1"]

1. e4 e6 2. d4 d5 3. e5 c5 4. c3 Qb6 5. Nf3 Bd7 6. Be2 Bb5 7. dxc5 Bxc5 8. b4 Bf8 9. Be3 Bxe2 10. Qxe2 Qa6 11. Qb2 Ne7 12. b5 Qa5 13. 0-0 Nf5 14. Bd2 Qc7 15. a4 Bc5 16. Na3 Nd7 17. Nc2 Nxe5 18. Nxe5 Qxe5 19. Nb4 0-0 20. Nd3 Qd6 21. Bf4 Qe7 22. Rfe1 Rac8 23. Nxc5 Qxc5 24. Bd2 Nd6 25. Qb3 Ne4 26. Be3 Qxc3 27. Qxc3 Rxc3 28. Bxa7 Ra8 29. Be3 Rb3 30. Bd4 Rb4 31. Be5 Rbxa4 32. Rxa4 Rxa4 33. Rc1 Rc4 34. Ra1 f6 35. Bb8 Rb4 36. f3 Nd2 37. Ra8 Kf7 38. Bd6 Rxb5 39. h4 h5 40. Rf8+ Kg6 41. Re8 e5 42. Rc8 d4 43. Rc7 d3 44. Kf2 Nb3 45. Bf8 d2 46. g4 hxg4 47. fxg4 f5 48. Rxg7+ Kf6 49. g5+ Ke6 50. Ke2 Kd5 51. Rd7+ Ke4 52. g6 Ra5 53. g7 Ra1 54. g8Q Re1+ 55. Kf2 d1Q 56. Rxd1 Rxd1 57. Qxb3 Rd2+ 58. Ke1 Rd3 59. Qxb7+ Ke3 60. Bc5+ Kf4 61. Qh7 e4 62. Qh6+ Kf3 63. Qh5+ Kf4 64. Qg5+ Kf3 65. Qxf5+ 1-0

[Event "Titled Tuesday intern op 12th Mar Early"]
[Site "Chess.com INT"]
[Date "2024.03.12"]
[Round "10"]
[White "Palencia Morales, Wilson Guillermo"]
[Black "Kislinsky, Alexey"]
[Result "0-1"]
[WhiteElo "2180"]
[BlackElo "2361"]
[PlyCount "86"]
[EventDate "2024.03.12"]
[EventType "swiss (blitz)"]
[EventRounds "11"]
[EventCountry "USA"]
[SourceTitle "CB12_2024"]
[SourceDate "2023.10.01"]
[SourceVersion "1"]
[SourceVersionDate "2023.10.01"]
[SourceQuality "1"]

1. d4 Nf6 2. c4 g6 3. Nf3 c5 4. Nc3 cxd4 5. Nxd4 Bg7 6. e4 0-0 7. Be2 d6 8. 0-0 Nc6 9. Nc2 Be6 10. Be3 Qa5 11. f3 Rfc8 12. Qd2 Nd7 13. Rab1 Bxc3 14. bxc3 Nde5 15. Rb5 Qc7 16. c5 Nc4 17. Qc1 Nxe3 18. Qxe3 a6 19. cxd6 exd6 20. Rb6 Ne5 21. Rfb1 Rab8 22. R1b2 Nd7 23. R6b4 Qxc3 24. Qxc3 Rxc3 25. Nd4 Rc1+ 26. Kf2 Nc5 27. Nxe6 fxe6 28. Rd2 Rd8 29. Rb6 d5 30. exd5 Rxd5 31. Rxd5 exd5 32. Rd6 Rc2 33. Rxd5 Na4 34. Rd8+ Kg7 35. Ke3 Rxa2 36. Rd7+ Kh6 37. Rxb7 Nc3 38. Bf1 Nd1+ 39. Kf4 Rf2 40. Bxa6 Rxg2 41. h4 Ra2 42. Kg3 Rxa6 43. Kf4 Nc3 0-1

[Event "Titled Tuesday intern op 06th Feb Early"]
[Site "Chess.com INT"]
[Date "2024.02.06"]
[Round "4"]
[White "Kislinsky, Alexey"]
[Black "Korkmaz, Necmettin"]
[Result "0-1"]
[WhiteElo "2361"]
[BlackElo "2013"]
[PlyCount "112"]
[EventDate "2024.02.06"]
[EventType "swiss (blitz)"]
[EventRounds "11"]
[EventCountry "USA"]
[SourceTitle "CB07_2024"]
[SourceDate "2024.02.14"]
[SourceVersion "1"]
[SourceVersionDate "2024.02.14"]
[SourceQuality "1"]

1. e4 e6 2. d4 d5 3. e5 c5 4. c3 Nc6 5. Nf3 Qb6 6. Be2 cxd4 7. cxd4 Nge7 8. Na3 Nf5 9. Nc2 Bd7 10. a3 Na5 11. 0-0 Bb5 12. b4 Nb3 13. Rb1 Nxc1 14. Rxc1 Be7 15. Re1 0-0 16. g4 Nh4 17. Nxh4 Bxh4 18. Bxb5 Qxb5 19. Re3 Bg5 20. a4 Qd7 21. b5 Rac8 22. Rb1 Bxe3 23. Nxe3 Rc3 24. h4 Rfc8 25. Kg2 Qc7 26. g5 Rc1 27. Rxc1 Qxc1 28. Qg4 Qb1 29. h5 Rc1 30. Kf3 Rg1 31. Qf4 Qe4+ 32. Qxe4 dxe4+ 33. Kf4 Ra1 34. Kxe4 Rxa4 35. f4 Rb4 36. f5 Rxb5 37. Nc4 a5 38. Nd6 Rb4 39. g6 hxg6 40. hxg6 exf5+ 41. Kxf5 Rxd4 42. gxf7+ Kf8 43. Ke6 b6 44. Nb5 Rf4 45. Nd6 a4 46. Kd7 Rf3 47. e6 Re3 48. Nf5 a3 49. Nxe3 a2 50. e7+ Kxf7 51. e8Q+ Kf6 52. Nd5+ Kf5 53. Qe1 a1Q 54. Qxa1 Ke4 55. Nxb6 g5 56. Qg1 g4 0-1

[Event "Titled Tuesday intern op 09th Jan Early"]
[Site "Chess.com INT"]
[Date "2024.01.09"]
[Round "4"]
[White "Kislinsky, Alexey"]
[Black "Rose, Felix"]
[Result "1-0"]
[WhiteElo "2361"]
[BlackElo "2091"]
[PlyCount "71"]
[EventDate "2024.01.09"]
[EventType "swiss (blitz)"]
[EventRounds "11"]
[EventCountry "USA"]
[SourceTitle "CB03_2024"]
[SourceDate "2024.01.17"]
[SourceVersion "1"]
[SourceVersionDate "2024.01.17"]
[SourceQuality "1"]

1. e4 e5 2. Nf3 Nc6 3. Bb5 a6 4. Ba4 Nf6 5. d3 b5 6. Bb3 Bc5 7. c3 d6 8. 0-0 Bb6 9. Nbd2 0-0 10. Re1 Ne7 11. Nf1 Ng6 12. h3 h6 13. Ng3 Re8 14. Bc2 c5 15. d4 cxd4 16. cxd4 exd4 17. Nxd4 d5 18. Ndf5 dxe4 19. Nd6 Re6 20. Ndxe4 Qxd1 21. Rxd1 Bb7 22. Nxf6+ Rxf6 23. Be3 Bxe3 24. fxe3 Rc8 25. Bb3 Nh4 26. e4 Rg6 27. Kh2 Re8 28. Rd7 Bxe4 29. Bxf7+ Kh7 30. Bxg6+ Bxg6 31. Rc1 Re3 32. Rcc7 Nf5 33. Nxf5 Bxf5 34. Rxg7+ Kh8 35. Rgf7 Bh7 36. Rf8+ 1-0

[Event "Titled Tuesday intern op 12th Dec Early"]
[Site "Chess.com INT"]
[Date "2023.12.12"]
[Round "4"]
[White "Kislinsky, Alexey"]
[Black "Vigoa Apecheche, Yanira"]
[Result "1-0"]
[WhiteElo "2361"]
[BlackElo "2232"]
[PlyCount "127"]
[EventDate "2023.12.12"]
[EventType "swiss (blitz)"]
[EventRounds "11"]
[EventCountry "USA"]
[SourceTitle "CB51_2023"]
[SourceDate "2023.12.20"]
[SourceVersion "1"]
[SourceVersionDate "2023.12.20"]
[SourceQuality "1"]

1. e4 c5 2. c3 g6 3. d4 cxd4 4. cxd4 d5 5. e5 Bg7 6. Nc3 Nc6 7. Bb5 Nh6 8. Nf3 0-0 9. 0-0 Bg4 10. Bxc6 bxc6 11. h3 Bxf3 12. Qxf3 Nf5 13. Qd3 f6 14. Bf4 Qb6 15. Ne2 fxe5 16. dxe5 e6 17. b3 c5 18. Rac1 Rac8 19. Kh1 h6 20. Bh2 Qb8 21. f4 c4 22. bxc4 dxc4 23. Rxc4 Qb5 24. Rc3 Qxd3 25. Rxd3 Rc2 26. Nd4 Nxd4 27. Rxd4 Rxa2 28. Rb1 g5 29. fxg5 h5 30. Rd7 Rff2 31. Rb8+ Bf8 32. Bg1 Rf1 33. g6 Raa1 34. g7 Rxg1+ 35. Kh2 Rgf1 36. gxf8Q+ Rxf8 37. Rbb7 Rff1 38. Rg7+ Kf8 39. Rh7 Kg8 40. Rxh5 a5 41. Rg5+ Kf8 42. Rg6 Rf2 43. Rxe6 Raa2 44. Rf6+ Rxf6 45. exf6 Rf2 46. Ra7 Rxf6 47. Rxa5 Rg6 48. Rf5+ Kg7 49. Rf3 Kh7 50. h4 Rg4 51. Kh3 Rg7 52. g4 Ra7 53. Kg3 Kg6 54. g5 Kh5 55. Rd3 Ra4 56. Rd6 Rg4+ 57. Kf3 Rxh4 58. g6 Rg4 59. Rd5+ Kh4 60. Rd6 Kh5 61. Rd5+ Kh4 62. Rd1 Rg3+ 63. Kf4 Rxg6 64. Rh1# 1-0

[Event "Titled Tuesday intern op 12th Dec Early"]
[Site "Chess.com INT"]
[Date "2023.12.12"]
[Round "5"]
[White "Marchesich, Giovanni"]
[Black "Kislinsky, Alexey"]
[Result "1/2-1/2"]
[WhiteElo "2223"]
[BlackElo "2361"]
[PlyCount "169"]
[EventDate "2023.12.12"]
[EventType "swiss (blitz)"]
[EventRounds "11"]
[EventCountry "USA"]
[SourceTitle "CB51_2023"]
[SourceDate "2023.12.20"]
[SourceVersion "1"]
[SourceVersionDate "2023.12.20"]
[SourceQuality "1"]

1. e4 c5 2. Nf3 Nc6 3. Bc4 e6 4. 0-0 a6 5. Re1 b5 6. Bf1 Be7 7. c3 Nf6 8. e5 Nd5 9. d4 cxd4 10. cxd4 0-0 11. Nc3 Nxc3 12. bxc3 Bb7 13. Bd3 d6 14. Bf4 dxe5 15. Nxe5 Nxe5 16. Bxe5 Bf6 17. Qh5 g6 18. Qh3 Bxe5 19. Rxe5 Rc8 20. Be4 Bxe4 21. Rxe4 Qf6 22. Rae1 Rfd8 23. Qe3 Rd5 24. g4 Kg7 25. f4 h5 26. g5 Qf5 27. Re5 Qg4+ 28. Kh1 Rxe5 29. fxe5 b4 30. cxb4 Rc2 31. Rg1 Qf5 32. a4 Ra2 33. b5 Rxa4 34. bxa6 Rxa6 35. Qe2 Ra4 36. Rf1 Qxg5 37. Qf2 Qf5 38. Qe2 Qg4 39. Qxg4 hxg4 40. Rf4 Ra1+ 41. Kg2 Ra2+ 42. Kg3 Ra3+ 43. Kxg4 Rd3 44. Re4 Rd1 45. h4 Kh6 46. Rf4 Kg7 47. Kf3 Rd3+ 48. Ke4 Rd1 49. Ke3 Kf8 50. Ke4 Ke7 51. Ke3 Rg1 52. Ke4 Ra1 53. Ke3 Ra8 54. Ke4 Ra7 55. Rf2 Kf8 56. Kf4 Kg7 57. Ke4 Kh6 58. d5 exd5+ 59. Kxd5 Kh5 60. Rh2 Ra4 61. Rf2 Ra7 62. Rf4 Rd7+ 63. Kc6 Ra7 64. Kd6 Kh6 65. Kd5 Kg7 66. Ke4 Ra4+ 67. Ke3 Ra3+ 68. Ke4 Rh3 69. Kd5 Rd3+ 70. Ke4 Rd7 71. Rf3 Ra7 72. Kd5 Ra4 73. Rh3 Rf4 74. e6 Rf5+ 75. Kd6 Rf6 76. Re3 fxe6 77. Re4 Kf7 78. Ke5 Rf5+ 79. Kd6 Rd5+ 80. Kc6 Kf6 81. Rf4+ Rf5 82. Re4 Rd5 83. Rf4+ Ke5 84. Rg4 Kf6 85. Rf4+ 1/2-1/2

[Event "Titled Tuesday intern op 12th Dec Early"]
[Site "Chess.com INT"]
[Date "2023.12.12"]
[Round "10"]
[White "Srihari, LR."]
[Black "Kislinsky, Alexey"]
[Result "1-0"]
[WhiteElo "2467"]
[BlackElo "2361"]
[PlyCount "93"]
[EventDate "2023.12.12"]
[EventType "swiss (blitz)"]
[EventRounds "11"]
[EventCountry "USA"]
[SourceTitle "CB51_2023"]
[SourceDate "2023.12.20"]
[SourceVersion "1"]
[SourceVersionDate "2023.12.20"]
[SourceQuality "1"]

1. c4 g6 2. Nc3 c5 3. Nf3 Bg7 4. e3 d6 5. d4 cxd4 6. exd4 Nf6 7. Be2 0-0 8. 0-0 Nc6 9. d5 Nb8 10. h3 Nbd7 11. Re1 Nc5 12. Bf1 Bd7 13. Bf4 Rc8 14. Qd2 a5 15. Bh6 Re8 16. Bxg7 Kxg7 17. Nd4 e5 18. dxe6 Bxe6 19. Rad1 Qb6 20. Ndb5 Rcd8 21. Nxd6 Rh8 22. Ncb5 Nce4 23. Qe3 Qxe3 24. Rxe3 Nxd6 25. Nxd6 b6 26. Rb3 Nd7 27. Rbd3 Rb8 28. b3 Nc5 29. Rd4 Rhd8 30. Nf5+ Bxf5 31. Rxd8 Rxd8 32. Rxd8 Bb1 33. Rd2 Kf6 34. Rb2 Bf5 35. a3 Ke5 36. b4 Na4 37. Rd2 Be6 38. Rd8 Nb2 39. c5 bxc5 40. bxc5 Na4 41. c6 Nb6 42. c7 Bc8 43. Rxc8 Nxc8 44. Ba6 Nb6 45. c8Q Nxc8 46. Bxc8 Kd4 47. a4 1-0

[Event "Titled Tuesday intern op 19th Sep Early"]
[Site "Chess.com INT"]
[Date "2023.09.19"]
[Round "6"]
[White "Kislinsky, Alexey"]
[Black "Klukin, Kirill"]
[Result "0-1"]
[WhiteElo "2360"]
[BlackElo "2390"]
[PlyCount "72"]
[EventDate "2023.09.19"]
[EventType "swiss (blitz)"]
[EventRounds "11"]
[EventCountry "USA"]
[SourceTitle "EXT 2024"]
[Source "ChessBase"]
[SourceDate "2023.10.10"]
[SourceVersion "1"]
[SourceVersionDate "2023.10.10"]
[SourceQuality "1"]

1. e4 c5 2. c3 g6 3. d4 cxd4 4. cxd4 d5 5. e5 a6 6. Nc3 Nc6 7. Nf3 Bg7 8. h3 f6 9. Be3 fxe5 10. Nxe5 Nxe5 11. dxe5 e6 12. Bd4 Ne7 13. Bd3 Nc6 14. Bc2 Nxd4 15. Qxd4 Qg5 16. f4 Qg3+ 17. Qf2 Qxf2+ 18. Kxf2 0-0 19. g3 Bxe5 20. Kg2 Bg7 21. Rhe1 Bd7 22. Bb3 Rac8 23. Rac1 Rfe8 24. h4 Kf8 25. Kf2 Rc5 26. Ne2 Rec8 27. Rxc5 Rxc5 28. Rb1 Bb5 29. Ng1 Bd3 30. Rd1 Be4 31. Nf3 h6 32. Nd4 Ke7 33. Ke3 Kd6 34. Re1 a5 35. g4 a4 36. Bd1 a3 0-1